000 01469nam a22002297a 4500
008 230622s2021 xxk|||||o|||| 00| 0 eng d
041 _aeng
110 _aRoyal Institution of Chartered Surveyors
245 _aA clear, impartial guide to reducing carbon in your home
_c[archived]
260 _aLondon,
_bRoyal Institution of Chartered Surveyors,
_cJune 2021
300 _a14p.
490 _aRICS Consumer Guide
520 _aThis guide has been written by RICS and offers guidance to homeowners considering retrofitting to make their home low carbon, and signposts other key sources of advice and financial assistance for making these changes. It is also useful for those looking to make their property greener before putting it on the market, or for those renting property looking to benefit from energy efficiency. The guide also advices on helping to fight climate change through reducing energy consumption which will assist you in saving money on energy bills, as well as the other numerous benefits.
520 _aSuperseded by Retrofitting and improving the energy efficiency of your home published April 2025
650 _aDECARBONISATION
650 _aRETROFITTING
651 _aUnited Kingdom
690 _96266
_aResidential property
710 _aRoyal Institution of Chartered Surveyors
856 _uhttps://www.ricsfirms.com/residential/improvements/going-green/rics-guide-reducing-carbon-in-your-home/
_zArchived
942 _n0
999 _c121553
_d121553